000 00809nam a2200289 a 4500
001 22566
003 SK-KTurca
005 20260401112632.0
008 980828s1998 xo 000 1 slo c
020 _a8022007552 (viaz.)
035 _aUKB000232632
040 _aBAA001
_bslo
_cBAA001
_eAACR2
041 1 _aslo
_heng
044 _axo
_cSK
080 _a820(73)-31
100 1 _aSteel, Danielle,
_d1947-
245 0 0 _aPríď, láska, k nám
_cDanielle Steel ; [z angl. orig. prel. Ján Kamenistý]
250 _a2. vyd
260 _aBratislava
_bSlov. spis.
_c1998
300 _a264 s
650 0 7 _aliteratúra americká
650 0 7 _aromány spoločenské
653 _a820(73)-31
700 1 _aKamenistý, Ján
_4trl
765 0 _tFine things
_aSteel, Danielle, 1947-
942 _2ddc
_cKLDO
_n0
999 _c22566
_d22566